000 00713nab a2200193 4500
001 244442
003 OSt
005 20241121103526.0
007 tu
008 200917s2020|||||||
040 _aDE-2950
_cDE-2950
245 0 0 _aAus für Verena vor dem Halbfinale
_b'Wettbewerb. Verena de la Caridad aus Frankfurt (Oder) hat es bei "The Voice of Germany" nicht in die nächste Runde geschafft. Die Entscheidung war denkbar knapp und fiel erst ganz zum Schluss/
_cLisa Larossa
264 _c2024
653 _aFrankfurt (Oder)
653 _a"The Voice of Germany"
653 _aVerana de la Caridad
773 0 _g35. Jahrgang (2024) Nr. 269 vom 18.11.2024, S. 13 mit Foto
_tMärkische Oderzeitung
942 _2z
_cA
999 _c373476
_d373476